| Tag |
First Indicator |
Second Indicator |
Subfields |
| LEADER |
00000cam a2200000 4500 |
| 001 |
in00000046649 |
| 005 |
20151007073327.0 |
| 008 |
750818r18901881nyua 00010 eng u |
| 010 |
|
|
|a 04010736
|
| 035 |
|
|
|a (OCoLC)01557986
|
| 035 |
|
|
|9 AAE9524AM
|
| 040 |
|
|
|c FQG
|d TXA
|d UtOrBLW
|
| 049 |
|
|
|a TXAM
|c 1 [8824]
|c 2 [43896]
|
| 090 |
|
|
|a QL394
|b .D3 1890
|
| 092 |
|
|
|a 595.1
|b D228f
|
| 100 |
1 |
|
|a Darwin, Charles,
|d 1809-1882.
|
| 245 |
1 |
4 |
|a The formation of vegetable mould, through the action of worms :
|b with observations on their habits /
|c By Charles Darwin ...
|
| 264 |
|
1 |
|a New York :
|b Appleton,
|c 1890.
|
| 300 |
|
|
|a 326 pages :
|b illustrations
|
| 336 |
|
|
|a text
|b txt
|2 rdacontent
|
| 337 |
|
|
|a unmediated
|b n
|2 rdamedia
|
| 338 |
|
|
|a volume
|b nc
|2 rdacarrier
|
| 500 |
|
|
|a First edition, 1881.
|
| 650 |
|
0 |
|a Earthworms.
|
| 650 |
|
0 |
|a Humus.
|
| 650 |
|
0 |
|a Soils.
|
| 999 |
|
|
|a MARS
|
| 999 |
f |
f |
|s 1346593e-0438-36a4-84b2-5f6658caeb07
|i ea04b968-1761-3b1b-ad6c-db3db83b553a
|t 0
|
| 952 |
f |
f |
|p ric
|a Texas A&M University
|b Rellis Campus
|c Joint Library Facility
|d Remote Storage
|t 0
|e QL394 .D3 1890
|h Library of Congress classification
|i unmediated -- volume
|m A14801011166
|
| 952 |
f |
f |
|p ric
|a Texas A&M University
|b Rellis Campus
|c Joint Library Facility
|d Remote Storage
|t 0
|e QL394 .D3 1890
|h Library of Congress classification
|i unmediated -- volume
|m A14801011158
|
| 998 |
f |
f |
|a QL394 .D3 1890
|t 0
|l Remote Storage
|
| 998 |
f |
f |
|a QL394 .D3 1890
|t 0
|l Remote Storage
|